00346nam a22001337a 450000500170000000800410001704100120005808200120007010000120008224500230009426000390011730000310015665000250018720240802092550.0240802b |||||||| |||| 00| 0 eng d aEnglish a349 NAT lEnglish aNatal Law Reports  aPietermaritzburg: bNatal, c1890  bxxiii, 306 pages; c25 cm. aLegal practice bLaw